Իմ հոգում արևն է Իրանի : (Record no. 266261)
[ view plain ]
| 000 -LEADER | |
|---|---|
| fixed length control field | 01106nam a2200241 a 4500 |
| 001 - CONTROL NUMBER | |
| control field | 000720486 |
| 003 - CONTROL NUMBER IDENTIFIER | |
| control field | AM-YEHGA |
| 005 - DATE AND TIME OF LATEST TRANSACTION | |
| control field | 20250618073729.0 |
| 008 - FIXED-LENGTH DATA ELEMENTS--GENERAL INFORMATION | |
| fixed length control field | 100312s2009 ai || ||||||||||||arm||c |
| 020 ## - INTERNATIONAL STANDARD BOOK NUMBER | |
| International Standard Book Number | 9789939580142 |
| 040 ## - CATALOGING SOURCE | |
| Original cataloging agency | AM-YeHGA |
| 041 1# - LANGUAGE CODE | |
| Language code of text/sound track or separate title | arm |
| Language code of original | per |
| 090 ## - LOCALLY ASSIGNED LC-TYPE CALL NUMBER (OCLC); LOCAL CALL NUMBER (RLIN) | |
| -- | 267895 |
| 245 00 - TITLE STATEMENT | |
| Title | Իմ հոգում արևն է Իրանի : |
| Remainder of title | (Թարգմանական էջեր պարսկական պոեզիայից ) / |
| Statement of responsibility, etc. | Բնագրից թարգմ. ՝ Վարանդի; Խմբ. ՝ Հ. Գրիգորյան; Առաջաբ.՝ Լ. Անանյան, Ե. Եղիազարյան. |
| 260 ## - PUBLICATION, DISTRIBUTION, ETC. | |
| Place of publication, distribution, etc. | Երևան : |
| Name of publisher, distributor, etc. | ՀԳՄ հրատ., |
| Date of publication, distribution, etc. | 2009. |
| 300 ## - PHYSICAL DESCRIPTION | |
| Extent | 96 էջ. ; |
| Dimensions | 21 սմ. |
| 650 14 - SUBJECT ADDED ENTRY--TOPICAL TERM | |
| Topical term or geographic name entry element | Պարսկական գրականություն |
| General subdivision | Պոեզիա |
| 700 1# - ADDED ENTRY--PERSONAL NAME | |
| Personal name | Վարանդ, |
| Dates associated with a name | 1954- |
| Relator term | թարգմ. |
| Relationship | trl |
| 700 1# - ADDED ENTRY--PERSONAL NAME | |
| Personal name | Գրիգորյան, Հովհաննես Երվանդի, |
| Dates associated with a name | 1945-2013 |
| Relator term | խմբ. |
| Relationship | edt |
| 9 (RLIN) | 1645 |
| 700 1# - ADDED ENTRY--PERSONAL NAME | |
| Personal name | Անանյան, Լևոն Զաքարի, |
| Dates associated with a name | 1946-2013 |
| Relator term | առաջաբ. |
| Relationship | aui |
| 9 (RLIN) | 2144 |
| 700 1# - ADDED ENTRY--PERSONAL NAME | |
| Personal name | Եղիազարյան, Ազատ Կոմունարի, |
| Dates associated with a name | 1943- |
| Relator term | առաջաբ. |
| Relationship | aui |
| 9 (RLIN) | 1320 |
| 942 ## - ADDED ENTRY ELEMENTS (KOHA) | |
| Source of classification or shelving scheme | Universal Decimal Classification |
| Koha item type | Գրքեր / Books |
| Withdrawn status | Lost status | Damaged status | Not for loan | Collection | Home library | Current library | Date acquired | Cost, normal purchase price | Shelving control number | Total checkouts | Full call number | Barcode | Date last seen | Price effective from | Koha item type | Public note | Source of classification or shelving scheme |
|---|---|---|---|---|---|---|---|---|---|---|---|---|---|---|---|---|---|
| General | Fundamental Scientific Library | Fundamental Scientific Library | 29/12/2016 | 400.00 | AII/95827 | FL0170697 | 29/12/2016 | 29/12/2016 | Գրքեր / Books | 30 Days Loan | |||||||
| General | Fundamental Scientific Library | Fundamental Scientific Library | 29/12/2016 | 400.00 | AII/96387 | FL0180376 | 29/12/2016 | 29/12/2016 | Գրքեր / Books | 30 Days Loan | |||||||
| General | Fundamental Scientific Library | Fundamental Scientific Library | 11/04/2019 | AII/104605 | FL0573008 | 11/04/2019 | 11/04/2019 | Գրքեր / Books | 30 Days Loan | Universal Decimal Classification | |||||||
| General | Fundamental Scientific Library | Fundamental Scientific Library | 18/02/2022 | AII/108395 | FL0673619 | 18/02/2022 | 18/02/2022 | Գրքեր / Books | 30 Days Loan | Universal Decimal Classification |
ՀՀ Գիտությունների ազգային ակադեմիայի հիմնարար գիտական գրադարան = Fundamental Scientific Library of NAS RA
All site content, except where otherwise noted, is licensed under a